[Event "Chigorin Memorial 23rd"]
[Site "St Petersburg"]
[Date "2015.10.07"]
[Round "5"]
[White "Matchenya, Ivan"]
[Black "Prishibilovich, Matvei"]
[Result "1-0"]
[WhiteElo "1795"]
[BlackElo "1409"]
[PlyCount "95"]
[EventDate "2015.10.03"]
[EventType "swiss"]
[EventRounds "9"]
[EventCountry "RUS"]
[SourceTitle "CBM 168 Extra"]
[Source "ChessBase"]
[SourceDate "2015.10.29"]
[SourceVersion "1"]
[SourceVersionDate "2015.10.29"]
[SourceQuality "1"]

1. e4 e5 2. Nf3 Nc6 3. Nc3 Nf6 4. d4 exd4 5. Nxd4 Bb4 6. Nxc6 bxc6 7. Bd3 Bxc3+ 8. bxc3 0-0 9. 0-0 d5 10. exd5 cxd5 11. Bg5 Be6 12. Qf3 h6 13. Bh4 c5 14. h3 Rb8 15. Rab1 Qe7 16. Qg3 Rxb1 17. Rxb1 c4 18. Rb7 Qxb7 19. Bxf6 Qb1+ 20. Kh2 Qb8 21. Be5 Qxe5 22. Qxe5 cxd3 23. cxd3 Rc8 24. f4 g6 25. g4 Rd8 26. f5 gxf5 27. gxf5 Bc8 28. Qf6 Re8 29. Qxh6 Bxf5 30. Qg5+ Bg6 31. Qxd5 Re2+ 32. Kg1 Re3 33. c4 Rxd3 34. Qa8+ Kh7 35. Qxa7 Rxh3 36. c5 Rc3 37. Qb6 Rc1+ 38. Kf2 Rc2+ 39. Ke3 Rxa2 40. c6 Rc2 41. c7 Bf5 42. Kf4 Be6 43. Qb1 Bf5 44. Kxf5 Rxc7 45. Kf6+ Rc2 46. Qxc2+ Kh8 47. Qg2 Kh7 48. Qg7# 1-0

[Event "Chigorin Memorial 23rd"]
[Site "St Petersburg"]
[Date "2015.10.05"]
[Round "3"]
[White "Prishibilovich, Matvei"]
[Black "Vorobyova, Valeriya"]
[Result "0-1"]
[WhiteElo "1409"]
[BlackElo "1850"]
[PlyCount "112"]
[EventDate "2015.10.03"]
[EventType "swiss"]
[EventRounds "9"]
[EventCountry "RUS"]
[SourceTitle "CBM 168 Extra"]
[Source "ChessBase"]
[SourceDate "2015.10.29"]
[SourceVersion "1"]
[SourceVersionDate "2015.10.29"]
[SourceQuality "1"]

1. d4 Nf6 2. c4 g6 3. Nc3 d5 4. Bg5 dxc4 5. e3 Bg7 6. Bxc4 0-0 7. Nf3 c5 8. Qb3 Nbd7 9. Rd1 cxd4 10. Rxd4 Qc7 11. 0-0 a6 12. Rfd1 Nc5 13. Qc2 Ne6 14. Bxe6 Bxe6 15. R4d2 Rac8 16. Qd3 Qa5 17. Qb1 Bg4 18. Bxf6 Bxf6 19. Nd5 Bxf3 20. Nxf6+ exf6 21. gxf3 Qh5 22. Qe4 Qb5 23. Qd3 Qa4 24. a3 Qa5 25. Qd5 Qb6 26. Qd6 Rc6 27. Qd4 Qb5 28. f4 Kg7 29. Qd5 Rc5 30. Qd7 Qb3 31. Qd3 Qe6 32. Qd7 Qe4 33. Qd4 Qc6 34. Qd7 Qf3 35. Rd5 Rfc8 36. Qxb7 Rd8 37. Qxa6 Rcxd5 38. Rf1 Rd1 39. b4 Rxf1+ 40. Qxf1 Rd1 41. Qxd1 Qxd1+ 42. Kg2 Qb3 43. f5 Qxa3 44. fxg6 fxg6 45. f4 Qb2+ 46. Kf3 Qxb4 47. h4 f5 48. h5 gxh5 49. Kg3 Qe1+ 50. Kh3 Qxe3+ 51. Kh2 Qxf4+ 52. Kg2 Kg6 53. Kh3 Qg4+ 54. Kh2 f4 55. Kh1 f3 56. Kh2 Qg2# 0-1